Zamestnávanie občanov so zdravotným postihnutím

Na trhu práce možno nájsť aj znevýhodnených uchádzačov o zamestnanie, ktorí majú sťažené pracovné uplatnenie. Medzi tieto osoby patria aj občania so zdravotným postihnutím alebo invalidní dôchodcovia. Štát sa snaží pomáhať pri ich uplatňovaní na pracovnom trhu rôznymi mechanizmami a motivovať zamest...

Ausführliche Beschreibung

Gespeichert in:
Bibliographische Detailangaben
1. Verfasser: Mičudová, Tatiana
Format: Buchkapitel
Sprache:Slowakisch
Schlagworte:
Tags: Tag hinzufügen
Keine Tags, Fügen Sie das erste Tag hinzu!

MARC

LEADER 00000naa a2200000 4500
001 0312842
005 20251016092131.2
041 0 |a slo 
044 |a SK 
245 1 0 |a Zamestnávanie občanov so zdravotným postihnutím  |c Tatiana Mičudová 
520 |a Na trhu práce možno nájsť aj znevýhodnených uchádzačov o zamestnanie, ktorí majú sťažené pracovné uplatnenie. Medzi tieto osoby patria aj občania so zdravotným postihnutím alebo invalidní dôchodcovia. Štát sa snaží pomáhať pri ich uplatňovaní na pracovnom trhu rôznymi mechanizmami a motivovať zamestnávateľov k ich zamestnávaniu. 
610 2 0 |a právo pracovné 
610 2 0 |a zamestnanci 
610 2 0 |a zamestnávatelia 
610 2 0 |a zmluvy pracovné 
610 2 0 |a invalidi 
100 1 |a Mičudová, Tatiana